000 01078nam a2200253Ia 4500
003 OSt
005 20220923224736.0
006 a|||||r|||| 00| 0
007 ta
008 220922b |||||||| |||| 00| 0 hin d
024 _a249,377
037 _cTextual
040 _aARTS
_cARTS
_bhin
041 _2hin
_ahin
082 _aO1520m35,1(Q224):g, K6
100 _aमूर्ति, चावलि सूर्यनारायण
245 0 _aहिन्दी और तेलुगु के मध्यकालीन राम साहित्यो का तुलनात्मक अनुशीलन
246 _aHindī aur telugu ke madhyakālīn rām sāhityo kā tulanātmak anushīlana
260 _aलखनऊ
_b हिन्दी साहित्य भंडार
_c1966
300 _a416पृ.
_ccm.
650 _aहिन्दी साहित्य
_9156264
942 _hO1520m35,1(Q224):g, K6
_cTEXL
_2CC
999 _c373318
_d373318